[Event "POL-chT 2nd League"]
[Site "Jastrzebia Gora"]
[Date "2022.09.07"]
[Round "5.70"]
[White "Augustyn, Sebastian"]
[Black "Hemmerling, Jaroslaw"]
[Result "1/2-1/2"]
[WhiteElo "2093"]
[BlackElo "1855"]
[PlyCount "147"]
[EventDate "2022.09.03"]
[EventType "team-swiss"]
[EventRounds "9"]
[EventCountry "POL"]
[SourceTitle "CBM 210 Extra"]
[Source "ChessBase"]
[SourceDate "2022.11.30"]
[SourceVersion "1"]
[SourceVersionDate "2022.11.30"]
[SourceQuality "1"]
[WhiteTeam "Pilzno GKSz Hetman"]
[BlackTeam "Lipno Steszew"]
[WhiteTeamCountry "POL"]
[BlackTeamCountry "POL"]

1. e4 e5 2. Nc3 d6 3. d4 exd4 4. Qxd4 Nc6 5. Qe3 Nf6 6. Bd2 Be7 7. 0-0-0 0-0 8. Bc4 a6 9. f3 b5 10. Bb3 Na5 11. g4 Nxb3+ 12. cxb3 Re8 13. g5 b4 14. gxf6 bxc3 15. Bxc3 Bxf6 16. Ne2 Bd7 17. Rhg1 Bxc3 18. Qxc3 f6 19. Nf4 Re5 20. Kb1 Kf8 21. Rd2 Rc5 22. Qe3 Rg5 23. Rgd1 a5 24. h4 Re5 25. Rd4 Rb8 26. Qc3 Rb7 27. Rc1 Rc5 28. Rc4 Rbb5 29. Nd3 Rxc4 30. Qxc4 c6 31. b4 Qb6 32. bxa5 Qxa5 33. Nf4 Rc5 34. Qd4 Rxc1+ 35. Kxc1 Qxa2 36. Qxd6+ Ke8 37. Qb8+ Kf7 38. Qb7 Qc4+ 39. Kd2 Qd4+ 40. Ke2 Ke7 41. Nd3 Qd6 42. f4 Qd4 43. Qb4+ Qxb4 44. Nxb4 Kd6 45. Kd3 h6 46. Ke3 Be8 47. Nd3 g5 48. hxg5 hxg5 49. b4 Bf7 50. Kd4 gxf4 51. Nxf4 Ba2 52. Nh5 Ke6 53. Kc5 Bb1 54. Kd4 Bc2 55. Ng7+ Kf7 56. Nf5 Ke6 57. Ne3 Bb1 58. Nc4 Ba2 59. Nd2 Kd6 60. Nf1 Bf7 61. Ne3 Be6 62. Ng2 Ba2 63. Nf4 Bb1 64. Ne2 Ba2 65. Ng3 Bb1 66. Nf5+ Ke6 67. Ne3 Ba2 68. Kc5 Bb1 69. Kd4 Ba2 70. Nd1 Kd6 71. Nc3 Bf7 72. Na4 Bb3 73. Nb6 Ba2 74. Na4 1/2-1/2

[Event "POL-chT 2nd League"]
[Site "Poronin"]
[Date "2020.09.12"]
[Round "8.4"]
[White "Jaskolka, Tomasz"]
[Black "Augustyn, Sebastian"]
[Result "1-0"]
[WhiteElo "2177"]
[BlackElo "2148"]
[PlyCount "93"]
[EventDate "2020.09.05"]
[EventType "team-swiss"]
[EventRounds "9"]
[EventCountry "POL"]
[SourceTitle "CBM 198 Extra"]
[Source "ChessBase"]
[SourceDate "2020.11.30"]
[SourceVersion "1"]
[SourceVersionDate "2020.11.30"]
[SourceQuality "1"]
[WhiteTeam "Stara Wies Parnas"]
[BlackTeam "Pilzno GKSz Hetman"]
[WhiteTeamCountry "POL"]
[BlackTeamCountry "POL"]

1. d4 Nf6 2. Bf4 d5 3. e3 c5 4. c3 Qb6 5. Qb3 c4 6. Qc2 g6 7. Nd2 Bf5 8. Qc1 Nc6 9. Ngf3 h6 10. h3 g5 11. Be5 Nxe5 12. Nxe5 Bg7 13. g4 Bh7 14. Bg2 e6 15. b3 cxb3 16. axb3 Qd6 17. c4 Nd7 18. Nxd7 Qxd7 19. cxd5 e5 20. Nc4 0-0 21. Nxe5 Qe7 22. Qa3 Qe8 23. Qb2 f5 24. d6 Qb5 25. Bf1 Qb4+ 26. Qd2 Qxd6 27. Bc4+ Kh8 28. Ra5 Rae8 29. Rd5 Qa3 30. 0-0 fxg4 31. hxg4 Be4 32. Rd7 Re7 33. Rd5 b5 34. Rxb5 Qd6 35. f4 gxf4 36. exf4 Bxe5 37. fxe5 Rxf1+ 38. Kxf1 Qg6 39. Rb8+ Kh7 40. Bg8+ Kg7 41. Qf4 Bd3+ 42. Kf2 Qg5 43. Qxg5+ hxg5 44. Bc4 Be4 45. Rg8+ Kh6 46. Ke3 Bb7 47. Bd3 1-0

[Event "POL-chT 2nd League"]
[Site "Poronin"]
[Date "2020.09.09"]
[Round "5.12"]
[White "Augustyn, Sebastian"]
[Black "Flasinski, Michal"]
[Result "1-0"]
[WhiteElo "2148"]
[BlackElo "2205"]
[PlyCount "61"]
[EventDate "2020.09.05"]
[EventType "team-swiss"]
[EventRounds "9"]
[EventCountry "POL"]
[SourceTitle "CBM 198 Extra"]
[Source "ChessBase"]
[SourceDate "2020.11.30"]
[SourceVersion "1"]
[SourceVersionDate "2020.11.30"]
[SourceQuality "1"]
[WhiteTeam "Pilzno GKSz Hetman"]
[BlackTeam "Gliwice Politechnika Slaska"]
[WhiteTeamCountry "POL"]
[BlackTeamCountry "POL"]

1. e4 c6 2. d4 d5 3. Nc3 dxe4 4. Nxe4 Nd7 5. Nf3 Ngf6 6. Nxf6+ Nxf6 7. Ne5 Bf5 8. c3 Nd7 9. Nd3 e6 10. Bf4 Be7 11. Be2 0-0 12. 0-0 a5 13. a4 Qb6 14. Bf3 Rfd8 15. Qe2 Rac8 16. Rfd1 Qa6 17. Be4 Bxe4 18. Qxe4 Qc4 19. Qf3 Nf6 20. Be5 Nd5 21. Bxg7 f6 22. Bh6 Kh8 23. Qg4 Rg8 24. Qxe6 Rce8 25. Qf5 Rg6 26. Bf4 Reg8 27. g3 c5 28. Re1 cxd4 29. cxd4 Qxd4 30. Rad1 Bf8 31. Ne5 1-0

[Event "POL-chT 2nd League"]
[Site "Jastrzebia Gora"]
[Date "2018.09.09"]
[Round "9.6"]
[White "Augustyn, Sebastian"]
[Black "Zareba, Radoslaw"]
[Result "1/2-1/2"]
[WhiteElo "2173"]
[BlackElo "2110"]
[PlyCount "27"]
[EventDate "2018.09.01"]
[EventType "team-swiss"]
[EventRounds "9"]
[EventCountry "POL"]
[SourceTitle "CBM 186 Extra"]
[Source "ChessBase"]
[SourceDate "2018.08.24"]
[SourceVersion "1"]
[SourceVersionDate "2018.08.24"]
[SourceQuality "1"]
[WhiteTeam "Pilzno GKSz Hetman"]
[BlackTeam "Ostrow Wielkopolski"]
[WhiteTeamCountry "POL"]
[BlackTeamCountry "POL"]

1. g3 d5 2. Bg2 e5 3. c4 c6 4. d4 dxc4 5. dxe5 Qxd1+ 6. Kxd1 Bc5 7. e3 Be6 8. Nc3 Nd7 9. f4 0-0-0 10. Ke2 Bg4+ 11. Bf3 Be6 12. Bg2 Bg4+ 13. Bf3 Be6 14. Bg2 1/2-1/2

[Event "POL-chT 2nd League"]
[Site "Jastrzebia Gora"]
[Date "2018.09.02"]
[Round "2.2"]
[White "Augustyn, Sebastian"]
[Black "Zochowski, Kacper"]
[Result "1-0"]
[WhiteElo "2173"]
[BlackElo "2269"]
[PlyCount "59"]
[EventDate "2018.09.01"]
[EventType "team-swiss"]
[EventRounds "9"]
[EventCountry "POL"]
[SourceTitle "CBM 186 Extra"]
[Source "ChessBase"]
[SourceDate "2018.08.24"]
[SourceVersion "1"]
[SourceVersionDate "2018.08.24"]
[SourceQuality "1"]
[WhiteTeam "Pilzno GKSz Hetman"]
[BlackTeam "Podlesie UKS 21"]
[WhiteTeamCountry "POL"]
[BlackTeamCountry "POL"]

1. d4 d6 2. e4 Nf6 3. Nc3 e5 4. f4 Nc6 5. Bb5 exd4 6. Qxd4 Be7 7. Nf3 0-0 8. Bxc6 bxc6 9. b3 Re8 10. 0-0 c5 11. Qd3 Bb7 12. Bb2 Qc8 13. Nd5 Bxd5 14. exd5 Nd7 15. Ng5 Bxg5 16. fxg5 Ne5 17. Qg3 Qb7 18. Rad1 Re7 19. Qf4 Rf8 20. h4 Qa6 21. a3 Qe2 22. Rd2 Qh5 23. g3 f6 24. Rdf2 Ref7 25. Qe4 Qg4 26. Qe3 Nd7 27. gxf6 Nxf6 28. Bxf6 Rxf6 29. Rxf6 Rxf6 30. Qe8+ 1-0

[Event "POL-chT 2nd League"]
[Site "Jastrzebia Gora"]
[Date "2016.09.06"]
[Round "4.81"]
[White "Augustyn, Sebastian"]
[Black "Widla, Piotr"]
[Result "1-0"]
[WhiteElo "2116"]
[BlackElo "2016"]
[PlyCount "139"]
[EventDate "2016.09.03"]
[EventType "team-swiss"]
[EventRounds "9"]
[EventCountry "POL"]
[SourceTitle "EXT 2017"]
[Source "ChessBase"]
[SourceDate "2016.10.25"]
[SourceVersion "1"]
[SourceVersionDate "2016.10.25"]
[SourceQuality "1"]
[WhiteTeam "Pilzno GKSz Hetman"]
[BlackTeam "Nowy Sacz Sandecja"]
[WhiteTeamCountry "POL"]
[BlackTeamCountry "POL"]

1. g3 c5 2. Bg2 e6 3. c4 Nf6 4. Nf3 Nc6 5. 0-0 Be7 6. Nc3 d5 7. cxd5 exd5 8. d4 c4 9. Ne5 0-0 10. b3 cxb3 11. Nxc6 bxc6 12. Qxb3 Qb6 13. Rd1 Qxb3 14. axb3 Bb4 15. Na4 Bf5 16. Ba3 Rfb8 17. Rdc1 Bd2 18. Rxc6 Rxb3 19. Rxf6 gxf6 20. Bxd5 Rxa3 21. Rxa3 Rd8 22. e4 Bg4 23. Nc5 a5 24. f3 Bb4 25. Rb3 Bd7 26. Kf2 Be8 27. Ke3 Rc8 28. h4 Kg7 29. g4 h6 30. Rb1 Bxc5 31. dxc5 Rxc5 32. Rb8 Bd7 33. Rb7 Be8 34. Re7 Kf8 35. Ra7 Rc3+ 36. Kf4 a4 37. Ra6 Kg7 38. Ra8 Bd7 39. Ra7 Be8 40. h5 a3 41. Kg3 Rd3 42. Kf2 Rc3 43. Ke2 Bb5+ 44. Kf2 Be8 45. Rb7 Rc2+ 46. Ke3 Rc3+ 47. Ke2 a2 48. Ra7 Bb5+ 49. Kf2 Rc7 50. Rxa2 Bd7 51. Ke3 Rc3+ 52. Kf4 Rc7 53. Ra6 Bc8 54. Rb6 Bd7 55. e5 fxe5+ 56. Kxe5 Ba4 57. Be4 Re7+ 58. Kf4 Rc7 59. g5 hxg5+ 60. Kxg5 Rc5+ 61. Bf5 Bd7 62. h6+ Kf8 63. Rf6 Be6 64. Kg4 Ke7 65. h7 Bxf5+ 66. Rxf5 Rc8 67. Kh5 Rh8 68. Kh6 Ke6 69. Rg5 Rb8 70. Rg8 1-0

[Event "POL-chT3 Podkarpackie"]
[Site "Czudec"]
[Date "2016.06.19"]
[Round "9.7"]
[White "Augustyn, Sebastian"]
[Black "Mroczek, Jacek"]
[Result "1/2-1/2"]
[WhiteElo "2106"]
[BlackElo "1923"]
[PlyCount "67"]
[EventDate "2016.05.27"]
[EventType "team-tourn"]
[EventRounds "9"]
[EventCountry "POL"]
[SourceTitle "EXT 2018"]
[Source "ChessBase"]
[SourceDate "2017.10.13"]
[SourceVersion "1"]
[SourceVersionDate "2017.10.13"]
[SourceQuality "1"]
[WhiteTeam "Pilzno GKSz Hetman II"]
[BlackTeam "Sedziszow Malopolski"]
[WhiteTeamCountry "POL"]
[BlackTeamCountry "POL"]

1. e4 e6 2. d4 d5 3. Nc3 Bb4 4. exd5 exd5 5. Bd3 Nc6 6. a3 Ba5 7. Nge2 Bg4 8. Be3 Nge7 9. h3 Bh5 10. Qd2 Bg6 11. Nf4 Qd7 12. 0-0 0-0-0 13. b4 Bb6 14. Nce2 Nf5 15. Nxg6 hxg6 16. c3 Nce7 17. a4 c6 18. Bf4 Nh4 19. Qe3 f6 20. a5 Bc7 21. Bxc7 Qxc7 22. b5 Qd7 23. bxc6 Nxc6 24. Rfb1 Rh5 25. Ng3 Nxg2 26. Kxg2 Qxh3+ 27. Kf3 f5 28. Qe6+ Kc7 29. Rh1 Qg4+ 30. Kg2 Rxh1 31. Rxh1 Rd6 32. Qe2 Qg5 33. Rf1 Rd7 34. Qe1 1/2-1/2

[Event "POL-chT3 Podkarpackie"]
[Site "Czudec"]
[Date "2016.05.29"]
[Round "4.8"]
[White "Augustyn, Sebastian"]
[Black "Pasionek, Ariel"]
[Result "1-0"]
[WhiteElo "2106"]
[BlackElo "1959"]
[PlyCount "57"]
[EventDate "2016.05.27"]
[EventType "team-tourn"]
[EventRounds "9"]
[EventCountry "POL"]
[SourceTitle "EXT 2018"]
[Source "ChessBase"]
[SourceDate "2017.10.13"]
[SourceVersion "1"]
[SourceVersionDate "2017.10.13"]
[SourceQuality "1"]
[WhiteTeam "Pilzno GKSz Hetman II"]
[BlackTeam "Ustrzyki Dolne"]
[WhiteTeamCountry "POL"]
[BlackTeamCountry "POL"]

1. e4 e5 2. Nc3 Bc5 3. Nf3 Nc6 4. Nxe5 Bxf2+ 5. Kxf2 Nxe5 6. d4 Nc6 7. Be3 Nf6 8. e5 Ng8 9. Qg4 g6 10. Bg5 d6 11. Qh4 Qd7 12. exd6 Qxd6 13. Re1+ Kd7 14. d5 Nce7 15. Bb5+ Kd8 16. Rxe7 Nxe7 17. Re1 f6 18. Bxf6 Rf8 19. Ne4 Qxd5 20. Kg1 Rxf6 21. Nxf6 Qxb5 22. Rd1+ Bd7 23. Rxd7+ Qxd7 24. Nxd7 Kxd7 25. Qh3+ Kd6 26. Qd3+ Kc6 27. Qe4+ Kd7 28. Qxb7 Re8 29. Qxa7 1-0

[Event "POL-chT 2nd League"]
[Site "Jastrzebia Gora"]
[Date "2015.09.10"]
[Round "6.35"]
[White "Augustyn, Sebastian"]
[Black "Mondrzycki, Bartlomiej"]
[Result "1/2-1/2"]
[WhiteElo "2109"]
[BlackElo "2082"]
[PlyCount "165"]
[EventDate "2015.09.05"]
[EventType "team-swiss"]
[EventRounds "9"]
[EventCountry "POL"]
[SourceTitle "EXT 2017"]
[Source "ChessBase"]
[SourceDate "2016.10.25"]
[SourceVersion "1"]
[SourceVersionDate "2016.10.25"]
[SourceQuality "1"]
[WhiteTeam "Pilzno GKSz Hetman"]
[BlackTeam "Wroclaw AZS Politechnika"]
[WhiteTeamCountry "POL"]
[BlackTeamCountry "POL"]

1. e4 d6 2. d4 Nf6 3. Nc3 c6 4. f3 Nbd7 5. Be3 e5 6. Qd2 Be7 7. Bd3 0-0 8. a4 b6 9. Nge2 a6 10. 0-0 Bb7 11. Ng3 Re8 12. Nf5 Bf8 13. Qf2 b5 14. Rad1 Qc7 15. Qg3 g6 16. dxe5 dxe5 17. Nh6+ Kg7 18. Qh4 Nh5 19. Ne2 Bc5 20. Bxc5 Nxc5 21. Nf5+ Kg8 22. g4 Nf4 23. Nxf4 exf4 24. Nh6+ Kg7 25. g5 Bc8 26. axb5 axb5 27. b4 Ne6 28. Ng4 Nf8 29. Nf6 Rd8 30. e5 Be6 31. Qxf4 Qa7+ 32. Kh1 Rd4 33. Ne4 Rxb4 34. Qf6+ Kg8 35. Ra1 Ra4 36. Rad1 Nd7 37. Qe7 Nxe5 38. Nf6+ Kh8 39. Qd6 Qd4 40. Qxd4 Rxd4 41. Be4 Rdd8 42. Rxd8+ Rxd8 43. Kg2 c5 44. Kg3 Kg7 45. h4 Rd2 46. Ra1 Nd7 47. Ne8+ Kf8 48. Nc7 Bc4 49. Ra8+ Ke7 50. h5 f5 51. Bc6 gxh5 52. Nxb5 f4+ 53. Kxf4 h4 54. Na3 Bf1 55. Ra7 Rd4+ 56. Ke3 h3 57. f4 Bg2 58. Bxd7 Rxd7 59. Rxd7+ Kxd7 60. Kf2 Be4 61. Kg3 Bf5 62. c3 Kc6 63. c4 Kd6 64. Nb5+ Kc6 65. Nc3 Be6 66. Nd1 Bxc4 67. Kxh3 Be6+ 68. Kg3 Kd5 69. Kf3 Kd4 70. Ne3 c4 71. f5 Bf7 72. Kf4 c3 73. Nc2+ Kd3 74. Na3 Kd2 75. Nb1+ Kc2 76. Nxc3 Kxc3 77. Ke5 Bb3 78. Kf6 Kd4 79. Kg7 Ke5 80. Kxh7 Kxf5 81. g6 Ke5 82. g7 Kd4 83. g8B 1/2-1/2

[Event "POL-chT2"]
[Site "Poronin"]
[Date "2013.09.13"]
[Round "7.53"]
[White "Janus, Przemyslaw"]
[Black "Augustyn, Sebastian"]
[Result "1-0"]
[WhiteElo "2133"]
[BlackElo "2117"]
[PlyCount "74"]
[EventDate "2013.09.06"]
[EventType "team-swiss"]
[EventRounds "9"]
[EventCountry "POL"]
[SourceTitle "EXT 2015"]
[Source "ChessBase"]
[SourceDate "2014.11.20"]
[SourceVersion "1"]
[SourceVersionDate "2014.11.20"]
[SourceQuality "1"]
[WhiteTeam "Czarna LKSz GCKiP"]
[BlackTeam "Pilzno GKSz Hetman"]
[WhiteTeamCountry "POL"]
[BlackTeamCountry "POL"]

1. d4 d6 2. Nf3 Bg4 3. Nbd2 g6 4. b3 Bg7 5. Bb2 Nf6 6. g3 0-0 7. Bg2 c6 8. 0-0 Qc8 9. c4 Bh3 10. e4 Bxg2 11. Kxg2 Na6 12. Qe2 Nd7 13. e5 Nc7 14. Rad1 dxe5 15. dxe5 Ne6 16. Nd4 Ndc5 17. f4 Nxd4 18. Bxd4 Ne6 19. Ne4 c5 20. Bf2 Qc6 21. Qf3 Rac8 22. Rd5 b6 23. Rfd1 Kh8 24. f5 Nd4 25. Bxd4 cxd4 26. f6 exf6 27. exf6 Bh6 28. R1xd4 Rce8 29. Rd3 Re6 30. Nd6 Bc1 31. Nxf7+ Kg8 32. Nd8 Qc8 33. Nxe6 Qxe6 34. Rd8 Ba3 35. Rxf8+ Bxf8 36. Qd5 Kf7 37. Qxe6+ Kxe6 1-0

[Event "POL-chT 2nd League"]
[Site "Lazy"]
[Date "2012.09.04"]
[Round "4"]
[White "Zgadzaj, Rafal"]
[Black "Augustyn, Sebastian"]
[Result "1-0"]
[WhiteElo "2153"]
[BlackElo "2109"]
[PlyCount "81"]
[EventDate "2012.09.01"]
[EventType "team-swiss"]
[EventRounds "9"]
[EventCountry "POL"]
[SourceTitle "EXT 2019"]
[Source "ChessBase"]
[SourceDate "2018.10.10"]
[SourceVersion "1"]
[SourceVersionDate "2018.10.10"]
[SourceQuality "1"]
[WhiteTeam "Chroscice LZS Victoria"]
[BlackTeam "Pilzno GKSz Hetman"]
[WhiteTeamCountry "POL"]
[BlackTeamCountry "POL"]

1. Nf3 d6 2. d4 Bg4 3. c4 g6 4. Qb3 Qc8 5. e4 Bxf3 6. Qxf3 Bg7 7. d5 e5 8. h4 Nd7 9. h5 a5 10. Nc3 Nc5 11. h6 Bf8 12. g3 Be7 13. Bd2 Qd8 14. Qe3 Nf6 15. Bh3 c6 16. 0-0-0 cxd5 17. exd5 0-0 18. Kb1 Nfd7 19. g4 Nb6 20. Bf1 Bf6 21. Nb5 a4 22. g5 Bh8 23. Bb4 Nbd7 24. Nxd6 Qb6 25. Nb5 f5 26. gxf6 Bxf6 27. Bh3 Rf7 28. Be6 a3 29. Bxf7+ Kxf7 30. Bxa3 e4 31. Rd2 Ra4 32. Rc2 Rxa3 33. Qxa3 Ne5 34. Qa7 Qxa7 35. Nxa7 Ned3 36. Nb5 Na4 37. Nd6+ Ke7 38. Nxe4 Bxb2 39. Rh3 Nf4 40. Rxb2 Nxb2 41. Rb3 1-0